[Event "Montreal Ligue elite du dimanche"]
[Site "Montreal"]
[Date "2007.10.21"]
[Round "5"]
[White "Arsenault, Nicolas"]
[Black "Regnier, Alain"]
[Result "1-0"]
[WhiteElo "2207"]
[BlackElo "2109"]
[PlyCount "45"]
[EventDate "2007.09.09"]
[EventType "swiss"]
[EventRounds "5"]
[EventCountry "CAN"]
[SourceTitle "EXT 2022"]
[Source "ChessBase"]
[SourceDate "2021.10.06"]
[SourceVersion "1"]
[SourceVersionDate "2021.10.06"]
[SourceQuality "1"]

1. e4 e6 2. d4 d5 3. Nc3 Nf6 4. Bg5 Be7 5. e5 Nfd7 6. h4 Bxg5 7. hxg5 Qxg5 8. Qd3 f5 9. exf6 Nxf6 10. Nf3 Qf5 11. Qd2 Ne4 12. Qe3 Nc6 13. Bd3 Nb4 14. Nxe4 dxe4 15. Bxe4 Nxc2+ 16. Bxc2 Qxc2 17. Rc1 Qxb2 18. Rxc7 Qb1+ 19. Rc1 Qxa2 20. 0-0 Qa5 21. Rxc8+ Ke7 22. Rxh8 Rxh8 23. Ne5 1-0

[Event "Gatineau Outaouais op A"]
[Site "Gatineau"]
[Date "2007.09.23"]
[Round "3"]
[White "Hua, Lefong"]
[Black "Regnier, Alain"]
[Result "1-0"]
[WhiteElo "2321"]
[BlackElo "2109"]
[PlyCount "76"]
[EventDate "2007.09.22"]
[EventType "swiss"]
[EventRounds "5"]
[EventCountry "CAN"]
[SourceTitle "EXT 2022"]
[Source "ChessBase"]
[SourceDate "2021.10.06"]
[SourceVersion "1"]
[SourceVersionDate "2021.10.06"]
[SourceQuality "1"]

1. d4 d5 2. c4 dxc4 3. Nf3 Nf6 4. e3 e6 5. Bxc4 a6 6. Bb3 b5 7. 0-0 Be7 8. a4 Bb7 9. axb5 axb5 10. Rxa8 Bxa8 11. Qe2 b4 12. Nbd2 0-0 13. e4 c5 14. e5 Nfd7 15. Bc2 Nc6 16. dxc5 Qc7 17. Nc4 Rd8 18. Nd6 Nxc5 19. Ng5 Nxe5 20. Bxh7+ Kf8 21. f4 Nf3+ 22. Nxf3 Bxd6 23. Ne5 Nb3 24. Be3 g6 25. f5 Bxe5 26. fxg6 Rd7 27. Qh5 f5 28. Qh4 Qb7 29. Bh6+ Ke8 30. Qh3 Rd3 31. g7 Bd4+ 32. Kh1 Bxg7 33. Qh5+ Kd8 34. Bg5+ Kc7 35. Bf4+ Kc8 36. Qe8+ Rd8 37. Qxe6+ Rd7 38. Qe8+ Rd8 1-0

[Event "Montreal Ligue elite du dimanche"]
[Site "Montreal"]
[Date "2007.09.09"]
[Round "1"]
[White "Regnier, Alain"]
[Black "Cloutier, Mathieu"]
[Result "1-0"]
[WhiteElo "2109"]
[BlackElo "2048"]
[PlyCount "111"]
[EventDate "2007.09.09"]
[EventType "swiss"]
[EventRounds "5"]
[EventCountry "CAN"]
[SourceTitle "EXT 2022"]
[Source "ChessBase"]
[SourceDate "2021.10.06"]
[SourceVersion "1"]
[SourceVersionDate "2021.10.06"]
[SourceQuality "1"]

1. g3 Nf6 2. Bg2 g6 3. e4 d6 4. d4 Bg7 5. Ne2 0-0 6. 0-0 Nbd7 7. f4 e5 8. fxe5 dxe5 9. d5 Nc5 10. Nec3 b6 11. Na3 Ba6 12. Rf2 Qd7 13. h3 Na4 14. Ne2 h6 15. c4 Nc5 16. Qc2 Qe7 17. g4 Nh7 18. Be3 Qh4 19. b4 Nd7 20. Qa4 Bc8 21. Qc6 Rb8 22. Nb5 Rb7 23. Nbc3 Ng5 24. Bxg5 Qxg5 25. Raf1 Nb8 26. Qa4 Bd7 27. Qd1 Qe7 28. Qb3 a5 29. bxa5 Qc5 30. Nc1 Qxa5 31. Nd3 Na6 32. Nb5 Nc5 33. Nxc5 bxc5 34. a4 Bxb5 35. cxb5 Ra7 36. Ra1 Rb8 37. Bf1 Qb4 38. Qf3 f6 39. Rfa2 Rba8 40. Qa3 Qxe4 41. Qxc5 Bf8 42. Qc4 Qe3+ 43. Kh1 Bd6 44. Qd3 Qg5 45. a5 f5 46. gxf5 Qxf5 47. a6 e4 48. Qb3 Qe5 49. Qe3 Kg7 50. Re1 Qxd5 51. Rd2 Qe5 52. Bc4 Qg3 53. Qxg3 Bxg3 54. Rxe4 Rf8 55. Rd7+ Kh8 56. Ree7 1-0

[Event "Montreal Mercredi 05"]
[Site "Montreal"]
[Date "2007.06.14"]
[Round "5"]
[White "Lacroix, Serge"]
[Black "Regnier, Alain"]
[Result "0-1"]
[WhiteElo "2046"]
[BlackElo "2091"]
[PlyCount "106"]
[EventDate "2007.05.16"]
[EventType "swiss"]
[EventRounds "6"]
[EventCountry "CAN"]
[SourceTitle "EXT 2022"]
[Source "ChessBase"]
[SourceDate "2021.10.06"]
[SourceVersion "1"]
[SourceVersionDate "2021.10.06"]
[SourceQuality "1"]

1. d4 d5 2. c4 dxc4 3. e3 e5 4. Bxc4 exd4 5. exd4 Bd6 6. Nf3 Nf6 7. 0-0 0-0 8. Nc3 Bg4 9. Nb5 Nc6 10. h3 Bh5 11. Bg5 a6 12. Nxd6 Qxd6 13. g4 Bg6 14. Bxf6 Qxf6 15. d5 Rad8 16. Re1 b5 17. Qe2 Nb4 18. Bb3 Nd3 19. Ne5 Nxe1 20. Rxe1 Rde8 21. Qe3 Qd6 22. Qd4 c5 23. Qc3 b4 24. Qg3 f6 25. f4 c4 26. Nxc4 Rxe1+ 27. Qxe1 Qxf4 28. d6 Bf7 29. Qe3 Qxe3+ 30. Nxe3 Bxb3 31. axb3 Kf7 32. Nd5 a5 33. d7 Rb8 34. Nb6 Ke7 35. Nc4 Rb5 36. Kf2 Kxd7 37. Ke3 Ke6 38. Ke4 g6 39. Kf4 Kd5 40. h4 Rc5 41. Ne3+ Kd4 42. g5 fxg5+ 43. hxg5 Rc7 44. Ng4 Rc2 45. Nf6 Rh2 46. Kg3 Rxb2 47. Nxh7 Rxb3+ 48. Kg4 a4 49. Nf8 a3 50. Ne6+ Kc4 51. Nf4 a2 52. Nxg6 a1Q 53. Ne7 Qg1+ 0-1

[Event "Montreal Mercredi 05"]
[Site "Montreal"]
[Date "2007.05.30"]
[Round "3"]
[White "Gilman, Arkadiy M"]
[Black "Regnier, Alain"]
[Result "1-0"]
[WhiteElo "2068"]
[BlackElo "2091"]
[PlyCount "90"]
[EventDate "2007.05.16"]
[EventType "swiss"]
[EventRounds "6"]
[EventCountry "CAN"]
[SourceTitle "EXT 2022"]
[Source "ChessBase"]
[SourceDate "2021.10.06"]
[SourceVersion "1"]
[SourceVersionDate "2021.10.06"]
[SourceQuality "1"]

1. d4 d5 2. c4 dxc4 3. Nf3 Nf6 4. e3 Bf5 5. Bxc4 e6 6. Qb3 Qc8 7. Nc3 a6 8. 0-0 Be7 9. Re1 b5 10. Bf1 Qb7 11. Ne5 Nbd7 12. Nxd7 Nxd7 13. a4 b4 14. a5 0-0 15. Na4 Be4 16. f3 Bd5 17. Bc4 Bxc4 18. Qxc4 Qb5 19. Qxc7 Rfc8 20. Qf4 e5 21. Qe4 g6 22. Bd2 f5 23. Qb1 Rc7 24. Rc1 Rac8 25. Rxc7 Rxc7 26. Qf1 Bf6 27. Qxb5 axb5 28. Nb6 exd4 29. Nd5 Ra7 30. Nxf6+ Nxf6 31. Bxb4 dxe3 32. Bc5 Ra6 33. Bxe3 Nd5 34. Bc5 Kf7 35. b4 Ke6 36. Re1+ Kf6 37. Rd1 Ke5 38. Kf2 f4 39. g4 fxg3+ 40. hxg3 g5 41. Re1+ Kf6 42. Re8 h5 43. Rh8 Kg6 44. Rd8 Nc7 45. Bb6 Ne6 1-0

[Event "Mauricie-ch"]
[Site "Trois Rivieres"]
[Date "2007.03.18"]
[Round "5"]
[White "Regnier, Alain"]
[Black "Mai, Lloyd"]
[Result "1/2-1/2"]
[WhiteElo "2081"]
[BlackElo "2130"]
[PlyCount "108"]
[EventDate "2007.03.16"]
[EventType "swiss"]
[EventRounds "5"]
[EventCountry "CAN"]
[SourceTitle "EXT 2022"]
[Source "ChessBase"]
[SourceDate "2021.10.06"]
[SourceVersion "1"]
[SourceVersionDate "2021.10.06"]
[SourceQuality "1"]

1. e4 c5 2. g3 Nc6 3. Bg2 g6 4. Ne2 Bg7 5. 0-0 e5 6. f4 d6 7. f5 Nh6 8. Bh3 gxf5 9. exf5 Qg5 10. d3 Qh5 11. Bxh6 Qxh6 12. Kg2 Nb4 13. Nbc3 Bd7 14. Bg4 Qg5 15. h3 h5 16. Bf3 Qxf5 17. Ng1 Qg6 18. Bxb7 Rb8 19. Bf3 h4 20. g4 0-0 21. Kh1 f5 22. gxf5 Bxf5 23. a3 Nxc2 24. Nd5 Rfe8 25. Bh5 Qh7 26. Bxe8 Rxe8 27. Qxc2 Bxd3 28. Qg2 Kh8 29. Rae1 Bxf1 30. Rxf1 e4 31. Rf7 Re6 32. Nf4 Rf6 33. Rxf6 Bxf6 34. Nge2 Qf5 35. Ng6+ Kh7 36. Nef4 Bg5 37. Nf8+ Kh6 38. N4e6 Bf6 39. Qd2+ Kh5 40. Nf4+ Kh6 41. Qxd6 e3 42. Nd7 e2 43. Nxe2 Qxh3+ 44. Kg1 Qg4+ 45. Kf2 Qf5+ 46. Nf4 Kg5 47. Qxf6+ Qxf6 48. Nxf6 Kxf4 49. Nd7 c4 50. Nc5 h3 51. a4 Ke5 52. Kg3 Kd4 53. Nd7 c3 54. bxc3+ Kxc3 1/2-1/2

[Event "Mauricie-ch"]
[Site "Trois Rivieres"]
[Date "2007.03.17"]
[Round "2"]
[White "Caire, Francois"]
[Black "Regnier, Alain"]
[Result "1-0"]
[WhiteElo "2217"]
[BlackElo "2081"]
[PlyCount "55"]
[EventDate "2007.03.16"]
[EventType "swiss"]
[EventRounds "5"]
[EventCountry "CAN"]
[SourceTitle "EXT 2022"]
[Source "ChessBase"]
[SourceDate "2021.10.06"]
[SourceVersion "1"]
[SourceVersionDate "2021.10.06"]
[SourceQuality "1"]

1. d4 d5 2. Nf3 Nf6 3. c4 dxc4 4. e3 e6 5. Bxc4 Be7 6. 0-0 0-0 7. Qe2 a6 8. e4 c5 9. dxc5 Qc7 10. e5 Nfd7 11. a3 Nxc5 12. b4 b5 13. Ba2 Na4 14. Bf4 Bb7 15. Rc1 Nc6 16. Nbd2 g5 17. Bg3 Rfc8 18. Qe4 Qd7 19. Qg4 Kh8 20. Nxg5 Bxg5 21. Qxg5 Qe7 22. Qh5 Nd4 23. Bh4 Ne2+ 24. Kf1 Nf4 25. Qh6 Bxg2+ 26. Kg1 Qxh4 27. Qxh4 Rg8 28. Qxf4 1-0

[Event "Mauricie-ch"]
[Site "Trois Rivieres"]
[Date "2007.03.17"]
[Round "3"]
[White "Regnier, Alain"]
[Black "Paradis, Sylvain"]
[Result "1-0"]
[WhiteElo "2081"]
[BlackElo "1915"]
[PlyCount "95"]
[EventDate "2007.03.16"]
[EventType "swiss"]
[EventRounds "5"]
[EventCountry "CAN"]
[SourceTitle "EXT 2022"]
[Source "ChessBase"]
[SourceDate "2021.10.06"]
[SourceVersion "1"]
[SourceVersionDate "2021.10.06"]
[SourceQuality "1"]

1. c4 c5 2. Nc3 Nc6 3. g3 g6 4. Bg2 Bg7 5. e4 d6 6. Nge2 Bd7 7. d3 a6 8. Be3 Rb8 9. d4 cxd4 10. Nxd4 Ne5 11. b3 Ng4 12. Qd2 Nxe3 13. Qxe3 Qb6 14. Rd1 Qc7 15. 0-0 Nf6 16. Nd5 Qc5 17. Qd2 Nxd5 18. exd5 0-0 19. Rfe1 Bf6 20. Nf3 Qa3 21. h3 Rfd8 22. g4 e5 23. dxe6 Bxe6 24. Qf4 Bg7 25. Re2 b5 26. cxb5 Rxb5 27. Nd4 Re5 28. Nxe6 fxe6 29. Qc4 Rxe2 30. Qxe2 Kf7 31. Re1 e5 32. Bd5+ Ke7 33. Bc4 Qc5 34. Bxa6 Bf6 35. Qd2 Bh4 36. Re2 Bg3 37. Qg5+ Kd7 38. a4 Rf8 39. Bb5+ Ke6 40. Qd2 Bf4 41. Qd3 Rc8 42. Qe4 Kf6 43. Bc4 h5 44. Bd3 Rg8 45. Rc2 Qb6 46. Qd5 Rd8 47. Bc4 Qa5 48. Qxa5 1-0

[Event "Quebec op"]
[Site "Montreal"]
[Date "1998.07.28"]
[Round "5"]
[White "Regnier, Alain"]
[Black "Wolrich, Charles"]
[Result "1-0"]
[WhiteElo "1977"]
[BlackElo "2203"]
[PlyCount "61"]
[EventDate "1998.07.25"]
[EventType "swiss"]
[EventRounds "9"]
[EventCountry "CAN"]
[SourceTitle "EXT 2022"]
[Source "ChessBase"]
[SourceDate "2021.10.06"]
[SourceVersion "1"]
[SourceVersionDate "2021.10.06"]
[SourceQuality "1"]

1. e4 e6 2. d4 d5 3. Nc3 Bb4 4. e5 Qd7 5. Bd3 b6 6. Nge2 Ba6 7. Bxa6 Nxa6 8. 0-0 Ne7 9. Qd3 Nb8 10. Nd1 Nf5 11. Ne3 Nxe3 12. Bxe3 Be7 13. f4 c5 14. c3 g6 15. g4 h5 16. f5 Rg8 17. Kh1 c4 18. Qd2 hxg4 19. fxe6 fxe6 20. Nf4 Bg5 21. Qg2 Nc6 22. Nxd5 Qxd5 23. Qxd5 exd5 24. Bxg5 Rh8 25. Rf6 Rc8 26. Rg1 Rc7 27. Rxg4 Nd8 28. Rd6 Nf7 29. Rxg6 Rh3 30. Bh4 Rd3 31. e6 1-0

[Event "Quebec op"]
[Site "Montreal"]
[Date "1998.07.26"]
[Round "2"]
[White "Charbonneau, Pascal"]
[Black "Regnier, Alain"]
[Result "1-0"]
[WhiteElo "2192"]
[BlackElo "1977"]
[PlyCount "77"]
[EventDate "1998.07.25"]
[EventType "swiss"]
[EventRounds "9"]
[EventCountry "CAN"]
[SourceTitle "EXT 2022"]
[Source "ChessBase"]
[SourceDate "2021.10.06"]
[SourceVersion "1"]
[SourceVersionDate "2021.10.06"]
[SourceQuality "1"]

1. e4 e6 2. d4 d5 3. Nd2 Nf6 4. e5 Nfd7 5. f4 c5 6. c3 Nc6 7. Ndf3 Qb6 8. g3 cxd4 9. cxd4 Bb4+ 10. Kf2 g5 11. fxg5 Ncxe5 12. Nxe5 Nxe5 13. Be3 Nc4 14. Bxc4 dxc4 15. Nf3 Bd6 16. Qc2 Bd7 17. Nd2 Bb5 18. Ne4 Be7 19. Rad1 Qc6 20. Nc3 Rd8 21. Rhe1 0-0 22. Kg1 Ba6 23. d5 exd5 24. Qf5 Rd6 25. Nxd5 Bd8 26. Nf6+ Rxf6 27. gxf6 Qxf6 28. Qg4+ Qg6 29. Qxg6+ hxg6 30. Bc5 Bb6 31. Bxb6 axb6 32. Re7 b5 33. a3 Kg7 34. Rdd7 g5 35. Kf2 Kg6 36. g4 Rh8 37. Kg3 Rh7 38. Rd6+ Kg7 39. Re5 1-0

[Event "Quebec op"]
[Site "Montreal"]
[Date "1988.07.24"]
[Round "1"]
[White "Regnier, Alain"]
[Black "Barbeau, Sylvain"]
[Result "0-1"]
[WhiteElo "1950"]
[BlackElo "2358"]
[PlyCount "94"]
[EventDate "1988.07.24"]
[EventType "swiss"]
[EventRounds "8"]
[EventCountry "CAN"]
[SourceTitle "EXT 2022"]
[Source "ChessBase"]
[SourceDate "2021.10.06"]
[SourceVersion "1"]
[SourceVersionDate "2021.10.06"]
[SourceQuality "1"]

1. e4 e5 2. f4 d5 3. exd5 c6 4. dxc6 Nxc6 5. Bb5 exf4 6. Nf3 Bd6 7. d4 Nge7 8. 0-0 0-0 9. c4 Bg4 10. Nc3 Nf5 11. c5 Bc7 12. d5 Ncd4 13. Be2 Nxe2+ 14. Nxe2 g5 15. d6 Ba5 16. Ne5 Bxe2 17. Qxe2 Re8 18. Bxf4 gxf4 19. Qg4+ Ng7 20. Qxf4 Rxe5 21. Qxe5 Qd7 22. Rf3 Re8 23. Qd4 Bd8 24. Rg3 f6 25. Qd5+ Kh8 26. Rb3 Re7 27. Rd1 Rf7 28. Rd4 a5 29. Re4 f5 30. Re1 f4 31. Rc1 a4 32. Rxb7 Qxb7 33. Qxb7 Rxb7 34. c6 Rb8 35. c7 Rc8 36. Rc4 Ne6 37. cxd8Q+ Rxd8 38. Rxa4 Rxd6 39. Rb4 Kg7 40. a4 Kf6 41. Kf2 Kf5 42. Rb5+ Ke4 43. Rb4+ Nd4 44. Rb7 Rc6 45. b4 Rc2+ 46. Kf1 Nf5 47. Rxh7 Ke3 0-1

[Event "Quebec op"]
[Site "Montreal"]
[Date "1982.08.07"]
[Round "7"]
[White "Morin, Louis"]
[Black "Regnier, Alain"]
[Result "1-0"]
[WhiteElo "1825"]
[BlackElo "1962"]
[PlyCount "77"]
[EventDate "1982.08.01"]
[EventType "swiss"]
[EventRounds "8"]
[EventCountry "CAN"]
[SourceTitle "EXT 2022"]
[Source "ChessBase"]
[SourceDate "2021.10.06"]
[SourceVersion "1"]
[SourceVersionDate "2021.10.06"]
[SourceQuality "1"]

1. e4 g6 2. d4 Bg7 3. Nc3 d6 4. f4 Nf6 5. Nf3 0-0 6. Bd3 c5 7. dxc5 dxc5 8. e5 Nd5 9. Nxd5 Qxd5 10. Qe2 Bg4 11. 0-0 Nc6 12. c3 Rfd8 13. Bc4 Qd7 14. Be3 Qc7 15. Bxf7+ Kh8 16. Qc4 b6 17. Ng5 Na5 18. Qe4 Bf5 19. Qf3 Rf8 20. Bd5 Rac8 21. Nf7+ Rxf7 22. Bxf7 e6 23. g4 Qxf7 24. gxf5 gxf5 25. Rad1 Rg8 26. Kh1 Qg6 27. Rd7 Qe8 28. Rfd1 Nc4 29. Bc1 Qb8 30. Qb7 Qe8 31. b3 Na5 32. Qf3 Bf8 33. h3 Be7 34. Rxa7 Nc6 35. Rc7 Nd8 36. Rdd7 Rg7 37. Be3 h5 38. Bf2 Kh7 39. Bh4 1-0